00338nam a2200133Ia 4500003000400000005001700004008004100021020001800062040002000080100001900100245005100119260002600170300000800196OSt20240329162314.0170524s9999 xx 000 0 und d a9789380872513 cIIMT UNIVERSITY aTIWARI, SANJAY 0aDERIVATIVES INSTRUMENTS MARKETS AND STRATAGIES aMEERUTbARIHANTc2012 a263